The Theatre of Black Americans : (Record no. 125809)
[ view plain ]
| 000 -LEADER | |
|---|---|
| fixed length control field | 00861cam a2200265 a 4500 |
| 001 - CONTROL NUMBER | |
| control field | 4771366 |
| 003 - CONTROL NUMBER IDENTIFIER | |
| control field | ARRUPE |
| 005 - DATE AND TIME OF LATEST TRANSACTION | |
| control field | 20161129115421.0 |
| 008 - FIXED-LENGTH DATA ELEMENTS--GENERAL INFORMATION | |
| fixed length control field | 861126s1987 nyu b 000 0 eng |
| 010 ## - LIBRARY OF CONGRESS CONTROL NUMBER | |
| LC control number | 86032052 |
| 020 ## - INTERNATIONAL STANDARD BOOK NUMBER | |
| International Standard Book Number | 0936839279 (pbk.) : |
| Terms of availability | $12.95 |
| 040 ## - CATALOGING SOURCE | |
| Original cataloging agency | DLC |
| Transcribing agency | DLC |
| Modifying agency | DLC |
| 043 ## - GEOGRAPHIC AREA CODE | |
| Geographic area code | n-us--- |
| 050 00 - LIBRARY OF CONGRESS CALL NUMBER | |
| Classification number | PN2270.A35T48 1987 |
| 082 00 - DEWEY DECIMAL CLASSIFICATION NUMBER | |
| Classification number | 792/.0973 |
| Edition number | 19 |
| 300 ## - PHYSICAL DESCRIPTION | |
| Dimensions | 21 cm. |
| 100 ## - MAIN ENTRY--PERSONAL NAME | |
| Personal name | Hill, Errol |
| 9 (RLIN) | 27694 |
| 245 04 - TITLE STATEMENT | |
| Title | The Theatre of Black Americans : |
| Remainder of title | a collection of critical essays / |
| Statement of responsibility, etc | edited by Errol Hill. |
| 260 ## - PUBLICATION, DISTRIBUTION, ETC. (IMPRINT) | |
| Place of publication, distribution, etc | New York, NY : |
| Name of publisher, distributor, etc | Applause, |
| Date of publication, distribution, etc | c1987. |
| 300 ## - PHYSICAL DESCRIPTION | |
| Extent | viii, 363 p.; |
| 650 #0 - SUBJECT ADDED ENTRY--TOPICAL TERM | |
| Topical term or geographic name as entry element | African American theater. |
| 9 (RLIN) | 27695 |
| 650 #0 - SUBJECT ADDED ENTRY--TOPICAL TERM | |
| Topical term or geographic name as entry element | American drama |
| General subdivision | African American authors |
| -- | History and criticism. |
| 9 (RLIN) | 24931 |
| 700 1# - ADDED ENTRY--PERSONAL NAME | |
| Personal name | Hill, Errol. |
| 9 (RLIN) | 27694 |
| 906 ## - LOCAL DATA ELEMENT F, LDF (RLIN) | |
| a | 7 |
| b | cbc |
| c | orignew |
| d | 1 |
| e | ocip |
| f | 19 |
| g | y-gencatlg |
| 942 ## - ADDED ENTRY ELEMENTS (KOHA) | |
| Source of classification or shelving scheme | Library of Congress Classification |
| Koha item type | Monograph ( Printed materials) |
| Withdrawn status | Lost status | Source of classification or shelving scheme | Damaged status | Not for loan | Collection code | Home library | Current library | Shelving location | Date acquired | Total Checkouts | Full call number | Barcode | Date last seen | Price effective from | Koha item type |
|---|---|---|---|---|---|---|---|---|---|---|---|---|---|---|---|
| Library of Congress Classification | Main Collection | ARRUPE LIBRARY | ARRUPE LIBRARY | Main Collection | 29/11/2016 | PN2270.A35T48 1987 | 46500010743 | 27/03/2019 | 29/11/2016 | Monograph ( Printed materials) |